Babylone - Choix Multiples - Statistiques

Statistiques générales
  • Ce quiz a été pris 27 fois
  • Le résultat moyen est 6 sur 10
Statistiques - réponses
Question Réponse % Correct
Laquelle des sept merveilles du monde antique s'y trouvait ? Les jardins suspendus de Babylone
88%
Dans quelle Région actuelle du monde se trouvait la cité de Babylone Mésopotamie
79%
Quelle capitale actuelle se trouve proche de l'ancien emplacement de Babylone ? Bagdad
67%
Quel est l'animal qui représente la ville, dont une représentation y subsiste sous forme de statue ? Lion
67%
Quel dirigeant moderne s'est mis en scène comme le continuateur des grands rois de la ville et y a construit un de ses palais ? Saddam Hussein
63%
Dans quel principe juridique tiré du Code de Hammurabi provient l'encore actuelle expression "Œil pour œil, dent pour dent" ? La loi du talion
58%
Sous quel roi atteint-elle son apogée, durant le sixième siècle avant notre ère ? Nabuchodonosor II
54%
Quel fleuve traversait la ville ? L'Euphrate
50%
Laquelle de ces images n'a pas de réel rapport avec la ville de Babylone ?
21%
Lequel de ces noms désigne sa ziggurat, ayant possiblement inspiré la légende de la tour de Babel ? Etemenanki
21%
Aucun quiz correspondant
Distribution des résultats
% des personnes avec chaque résultat
Percentile par nombre de réponses
Votre historique - résultats
Vous n’avez pas pris ce quiz